| 000 | 00615nam a22001457a 4500 | ||
|---|---|---|---|
| 020 | _a9789695730911 | ||
| 040 | _cNUST | ||
| 082 | _a153.94,GEN | ||
| 245 |
_ageneral aptitude test : _byour complete guide to a higher score / |
||
| 250 | _aJahangir Success Series | ||
| 260 |
_aLahore _bJahangir |
||
| 300 | _a600 P.: | ||
| 505 | _aKeys to Success (Page-xi), Model Paper (Page-1), English (Page-23), General Abilities (Page-153),General Knowledge (Page-329), Islamiat (Page-515), General Intelligence tests (Page-539), Picture story writing (Page-567),Model entry Tests (Page-577). | ||
| 942 |
_2ddc _cBK _k153.94,GEN |
||
| 999 |
_c591884 _d591884 |
||